000 01276nam a2200301Ia 4500
001 86880
003 IT-RoPAU
008 130308s9999 xx 000 0 und d
040 _aIT-RoPAU
040 _cIT-RoPAU
041 _aITALIANO
100 _aDe Finis Francesco
100 _gCodice Aut. SPICS: 7460
245 _aEnciclopedia della stampa-Aggiornamento N.01: metodologia della scienza ed epistemologia
245 _bEnciclopedia della Stampa-Aggiornamento N.01: Metodologia della Scienza ed Epistemologia
250 _a1a ed.
260 _aTORINO
260 _bSEI
260 _c1969 [1° Ed.:1969 - Ed.Ling.Originale:1969]
300 _a"68 p. (prefazione: no ; testo: 68 [pagine: 0-0])"
500 _aAritmetica geometria Algebra calcolo Infinitesimale e Matematiche superiori Aspetti metodologici della Nuova Mentalità Matematica Fisica Epistemologia della Fisica dell'Ottocento chimica Fisica moderna Aspetti metodologici della Scienza del Novecento Biologia Psicologia Sociologia Lessico Essenziale Bibliografia Schede biografiche dei principali Artefici del Progresso Scientifico e Tecnologico
650 _aENCICLOPEDIE SULL'EDITORIA
650 _eCodice materia Spics: 6601
942 _cBK
957 _71
999 _c69734
_d69734
999 _bSI
999 _g1